Základy práce s ekonometrickým programom GRETL

Saved in:
Bibliographic Details
Main Author: Lukáčik, Martin, 1974-
Corporate Author: Fakulta hospodárskej informatiky EU. Katedra operačného výskumu a ekonometrie
Other Authors: Slosiar, Viktor
Format: Book
Language:Slovak
Published: Bratislava 2010
Subjects:
Tags: Add Tag
No Tags, Be the first to tag this record!

MARC

LEADER 00000nam$a2200000$$$4500
001 0119836
005 20240502072334.4
041 0 |a slo 
044 |a SK 
245 1 0 |a Základy práce s ekonometrickým programom GRETL  |c Martin Lukáčik, Viktor Slosiar 
264 1 |a Bratislava  |c 2010 
610 2 0 |a programy počítačové 
610 2 0 |a softvér 
610 2 0 |a ekonometria 
610 2 0 |a metódy štatistické 
610 2 0 |a metódy matematicko-štatistické 
100 1 |a Lukáčik, Martin, 1974- 
700 1 |a Slosiar, Viktor 
710 2 |a Fakulta hospodárskej informatiky EU. Katedra operačného výskumu a ekonometrie